=LDR 00000nam 2200000 4500 =001 INLIS000000000036973 =005 20130612142727 =008 ***********************************Ind** =035 ##$$0010-061300000036973 =041 ##$$a Ind =082 ##$$a 813 =090 ##$$a 813, Kin m =100 ##$$a Kinsella, Sephis =245 ##$$a Mini Shopahalie, Sophie Kinsella ; alih bahasa, Siska Yuanita =260 ##$$a 2010 $b Jakarta =300 ##$$a 567 hlm, 18 cm =650 ##$$a Fiksi Indonesia =850 ##$$a NBPNMAT